[Event "Trzcianka Dziedzic Memorial 9th"]
[Site "Trzcianka"]
[Date "2019.10.13"]
[Round "6"]
[White "Czachor, Grzegorz"]
[Black "Socko, Monika"]
[Result "0-1"]
[WhiteElo "2111"]
[BlackElo "2386"]
[PlyCount "46"]
[EventDate "2019.10.13"]
[EventType "swiss (rapid)"]
[EventRounds "9"]
[EventCountry "POL"]
[SourceTitle "CBM 192 Extra"]
[Source "Chessbase"]
[SourceDate "2019.11.06"]
[SourceVersion "1"]
[SourceVersionDate "2019.11.06"]
[SourceQuality "1"]

1. b3 e5 2. Bb2 Nc6 3. e3 d5 4. Bb5 Bd6 5. Nf3 Qe7 6. c4 dxc4 7. bxc4 Bd7 8. 0-0 Nf6 9. c5 Bxc5 10. Bxc6 Bxc6 11. Nxe5 Bb5 12. Re1 0-0 13. d4 Bd6 14. Nd2 Rad8 15. Qb3 Ba6 16. Rad1 Nd7 17. Nef3 Rfe8 18. Bc3 Nb6 19. a4 c5 20. dxc5 Bxc5 21. Nd4 Bxd4 22. Bxd4 Rxd4 23. a5 Nd7 0-1

[Event "POL-ch blitz"]
[Site "Szczawno Zdroj"]
[Date "2018.12.16"]
[Round "3"]
[White "Mickiewicz, Piotr"]
[Black "Czachor, Grzegorz"]
[Result "0-1"]
[WhiteElo "2237"]
[BlackElo "2103"]
[PlyCount "83"]
[EventDate "2018.12.16"]
[EventType "swiss (blitz)"]
[EventRounds "15"]
[EventCountry "POL"]
[SourceTitle "CBM 187 Extra"]
[Source "ChessBase"]
[SourceDate "2018.11.04"]
[SourceVersion "1"]
[SourceVersionDate "2018.11.04"]
[SourceQuality "1"]

1. Nf3 d5 2. g3 Bg4 3. Bg2 e6 4. 0-0 Bd6 5. c4 c6 6. b3 Ne7 7. Bb2 0-0 8. d3 a5 9. a3 Na6 10. Nbd2 Re8 11. Qc2 Rc8 12. Rfe1 Bh5 13. Rac1 Qb6 14. Qb1 f6 15. Qa1 e5 16. Bh3 Rcd8 17. cxd5 cxd5 18. Rc2 Bxf3 19. Nxf3 Qxb3 20. Rec1 d4 21. Rc4 Qb6 22. Nd2 Nc5 23. R1c2 Kh8 24. Qc1 Nb3 25. Nxb3 Qxb3 26. Be6 b5 27. Bf7 bxc4 28. Bxe8 c3 29. Bxc3 dxc3 30. Rxc3 Qa2 31. Bb5 Qxe2 32. a4 g6 33. d4 Qh5 34. Re3 exd4 35. Re6 Qf5 36. Qe1 Ng8 37. Bc4 Bb4 38. Qe2 d3 39. Qd1 d2 40. Kg2 Rc8 41. Qe2 Rxc4 42. Qxc4 0-1

[Event "POL-ch blitz"]
[Site "Szczawno Zdroj"]
[Date "2018.12.16"]
[Round "7"]
[White "Nguyen, Piotr"]
[Black "Czachor, Grzegorz"]
[Result "1-0"]
[WhiteElo "2403"]
[BlackElo "2103"]
[PlyCount "56"]
[EventDate "2018.12.16"]
[EventType "swiss (blitz)"]
[EventRounds "15"]
[EventCountry "POL"]
[SourceTitle "CBM 187 Extra"]
[Source "ChessBase"]
[SourceDate "2018.11.04"]
[SourceVersion "1"]
[SourceVersionDate "2018.11.04"]
[SourceQuality "1"]

1. d4 Nf6 2. Bg5 Ne4 3. Bf4 d5 4. e3 e6 5. Bd3 Nd6 6. Nf3 Be7 7. Nbd2 b6 8. Ne5 0-0 9. h4 f6 10. Qh5 f5 11. 0-0-0 c5 12. c3 Qe8 13. Qe2 a5 14. g4 Ba6 15. f3 Bxd3 16. Qxd3 Nc6 17. h5 Rc8 18. Kb1 c4 19. Qc2 b5 20. Rdg1 b4 21. Nxc6 Rxc6 22. Be5 Rf7 23. gxf5 exf5 24. e4 bxc3 25. bxc3 Rb6+ 26. Ka1 fxe4 27. fxe4 Qb5 28. exd5 Qxd5 1-0

[Event "Wroclaw op"]
[Site "Wroclaw"]
[Date "2017.08.14"]
[Round "8"]
[White "Czachor, Grzegorz"]
[Black "Krzyzosiak, Anna"]
[Result "1-0"]
[WhiteElo "2108"]
[BlackElo "1518"]
[PlyCount "61"]
[EventDate "2017.08.10"]
[EventType "swiss"]
[EventRounds "9"]
[EventCountry "POL"]
[SourceTitle "CBM 180 Extra"]
[Source "ChessBase"]
[SourceDate "2017.10.06"]
[SourceVersion "1"]
[SourceVersionDate "2017.10.06"]
[SourceQuality "1"]

1. d4 Nf6 2. Nf3 g6 3. Nc3 Bg7 4. e4 d6 5. Be2 0-0 6. 0-0 Bg4 7. Be3 Nc6 8. d5 Bxf3 9. Bxf3 Ne5 10. Be2 e6 11. f4 Ned7 12. dxe6 fxe6 13. Bc4 Qe7 14. f5 gxf5 15. exf5 d5 16. Bb3 exf5 17. Nxd5 Nxd5 18. Qxd5+ Kh8 19. Rae1 c6 20. Qd1 a5 21. Qh5 Bxb2 22. Bh6 Qc5+ 23. Kh1 Rf6 24. Re8+ Rxe8 25. Qxe8+ Nf8 26. Bg5 Qd6 27. c3 Bxc3 28. Rd1 Qb4 29. Bxf6+ Bxf6 30. Qf7 Qg4 31. Qxf8+ 1-0

[Event "POL-ch rapid"]
[Site "Zgierz"]
[Date "2017.01.08"]
[Round "7"]
[White "Heberla, Bartlomiej"]
[Black "Czachor, Grzegorz"]
[Result "1-0"]
[WhiteElo "2556"]
[BlackElo "2109"]
[PlyCount "97"]
[EventDate "2017.01.08"]
[EventType "swiss (rapid)"]
[EventRounds "9"]
[EventCountry "POL"]
[SourceTitle "CBM 176 Extra"]
[Source "ChessBase"]
[SourceDate "2017.03.02"]
[SourceVersion "1"]
[SourceVersionDate "2017.03.02"]
[SourceQuality "1"]

1. e4 Nf6 2. e5 Nd5 3. d4 d6 4. Bc4 c6 5. Nf3 g6 6. 0-0 Bg7 7. Re1 0-0 8. Bb3 Nc7 9. Bg5 d5 10. h3 Nd7 11. Nbd2 a5 12. c3 b5 13. a4 Nb6 14. axb5 cxb5 15. Bc2 a4 16. Nf1 Re8 17. h4 f6 18. Bc1 Bg4 19. N1h2 Be6 20. h5 Bf7 21. Ng4 Qd7 22. Nh4 f5 23. Nh6+ Bxh6 24. Bxh6 e6 25. Bg5 gxh5 26. Bf6 Bg6 27. Re3 Kf7 28. Rh3 Rg8 29. Nf3 Ke8 30. Bd3 Qc6 31. Be2 Nc4 32. Qc1 Kd7 33. Ne1 b4 34. Nd3 a3 35. b3 Nb2 36. Nxb4 Qb6 37. Bxh5 Nb5 38. Bxg6 hxg6 39. Rh7+ Kc8 40. Be7 Kb8 41. Bc5 Qb7 42. Rxb7+ Kxb7 43. c4 Nc7 44. cxd5 Nxd5 45. Nxd5 exd5 46. Rxa3 Nd3 47. Rxa8 Rxa8 48. Qc3 Nf4 49. Qb4+ 1-0

[Event "POL-chT2"]
[Site "Poronin"]
[Date "2013.09.10"]
[Round "4"]
[White "Augustyn, Sebastian"]
[Black "Czachor, Grzegorz"]
[Result "1/2-1/2"]
[WhiteElo "2117"]
[BlackElo "2004"]
[PlyCount "116"]
[EventDate "2013.09.06"]
[EventType "team-swiss"]
[EventRounds "9"]
[EventCountry "POL"]
[SourceTitle "EXT 2015"]
[Source "ChessBase"]
[SourceDate "2014.11.20"]
[SourceVersion "1"]
[SourceVersionDate "2014.11.20"]
[SourceQuality "1"]
[WhiteTeam "Pilzno GKSz Hetman"]
[BlackTeam "Wroclaw AZS Politechnika"]
[WhiteTeamCountry "POL"]
[BlackTeamCountry "POL"]

1. e4 c5 2. Nf3 Nc6 3. Bb5 g6 4. 0-0 Bg7 5. c3 Nf6 6. Re1 0-0 7. d4 d5 8. e5 Ne4 9. Bxc6 bxc6 10. Nbd2 Nxd2 11. Nxd2 cxd4 12. cxd4 Qb6 13. Nb3 a5 14. Nc5 f6 15. e6 f5 16. a3 f4 17. f3 a4 18. Rb1 Ra5 19. b4 axb3 20. Nxb3 Ra8 21. Bb2 Ra4 22. Nc5 Rc4 23. Qd2 Qa7 24. Rec1 Rxc1+ 25. Rxc1 Ba6 26. a4 Bc4 27. Bc3 g5 28. Rb1 Bf6 29. Rb7 Qa8 30. Qb2 Ba6 31. Rb6 Bc4 32. Qb4 Qe8 33. Nd7 Qg6 34. Rb8 Re8 35. Rxe8+ Qxe8 36. Qb7 c5 37. Nxf6+ exf6 38. Qd7 Kf8 39. dxc5 d4 40. Qxe8+ Kxe8 41. Bxd4 Ke7 42. c6 f5 43. c7 Ba6 44. Kf2 Kxe6 45. a5 h5 46. Bb6 Kd5 47. c8Q Bxc8 48. Bd8 g4 49. Bc7 Kc4 50. Bxf4 Kd3 51. Kg3 Bb7 52. fxg4 fxg4 53. Kf2 Ke4 54. Bc7 h4 55. Kg1 h3 56. gxh3 gxh3 57. Kf2 Kd5 58. Kg3 Bc8 1/2-1/2

[Event "POL-chT2"]
[Site "Poronin"]
[Date "2013.09.08"]
[Round "2.95"]
[White "Kowalec, Maciej"]
[Black "Czachor, Grzegorz"]
[Result "0-1"]
[WhiteElo "1798"]
[BlackElo "2004"]
[PlyCount "114"]
[EventDate "2013.09.06"]
[EventType "team-swiss"]
[EventRounds "9"]
[EventCountry "POL"]
[SourceTitle "EXT 2015"]
[Source "ChessBase"]
[SourceDate "2014.11.20"]
[SourceVersion "1"]
[SourceVersionDate "2014.11.20"]
[SourceQuality "1"]
[WhiteTeam "Minsk Mazowiecki MTSz"]
[BlackTeam "Wroclaw AZS Politechnika"]
[WhiteTeamCountry "POL"]
[BlackTeamCountry "POL"]

1. d4 d6 2. Nf3 Nf6 3. g3 g6 4. Bg2 Bg7 5. 0-0 0-0 6. c4 Nc6 7. Nc3 Bf5 8. Nh4 Bd7 9. e3 e5 10. dxe5 dxe5 11. Nf3 Re8 12. b3 Qc8 13. Bb2 Bh3 14. Qe2 Bxg2 15. Kxg2 e4 16. Nd4 Ne5 17. Rfd1 a6 18. Nc2 c5 19. Ne1 Qc6 20. Nd5 b5 21. Nxf6+ Bxf6 22. Bxe5 Rxe5 23. Rac1 Qe6 24. Kg1 b4 25. Ng2 g5 26. Rd2 a5 27. Rcd1 Be7 28. Rd5 a4 29. Qb2 Rxd5 30. Rxd5 axb3 31. axb3 Bf6 32. Qc2 Ra1+ 33. Rd1 Qe5 34. Kf1 Ra5 35. Ne1 Qe6 36. Kg2 Bc3 37. Rb1 Ra6 38. Qe2 Qf5 39. g4 Qd7 40. Rd1 Rd6 41. Rxd6 Qxd6 42. h3 Kg7 43. f3 Bxe1 44. Qxe1 Qd3 45. Qg3 Qe2+ 46. Qf2 exf3+ 47. Kg3 Qd3 48. Qxf3 Qxb3 49. Qe4 Qc3 50. Qe7 h6 51. Qxc5 b3 52. Qb6 b2 53. Kf3 Qc2 54. Qd4+ Kh7 55. Qf6 Qd1+ 56. Kf2 Qd2+ 57. Kf3 Kg8 0-1

[Event "Wroclaw Anderssen Memorial op 22nd"]
[Site "Wroclaw"]
[Date "2013.06.29"]
[Round "3"]
[White "Cyfka, Karina"]
[Black "Czachor, Grzegorz"]
[Result "1-0"]
[WhiteElo "2375"]
[BlackElo "2004"]
[PlyCount "57"]
[EventDate "2013.06.29"]
[EventType "swiss (rapid)"]
[EventRounds "9"]
[EventCountry "POL"]
[SourceTitle "CBM 155 Extra"]
[Source "ChessBase"]
[SourceDate "2013.08.26"]
[SourceVersion "1"]
[SourceVersionDate "2013.08.26"]
[SourceQuality "1"]

1. e4 e6 2. d3 c5 3. g3 Nc6 4. Bg2 d5 5. Nd2 Nf6 6. Ngf3 Be7 7. 0-0 0-0 8. Re1 b5 9. h4 a5 10. e5 Nd7 11. Nf1 b4 12. a3 Ba6 13. N1h2 Qb6 14. Bf4 Rac8 15. Ng5 Bxg5 16. hxg5 c4 17. dxc4 Bxc4 18. Ng4 Ba6 19. Be3 Qb7 20. f4 Rc7 21. Kh2 Rfc8 22. Nf6+ gxf6 23. gxf6 Kf8 24. Qg4 Na7 25. f5 exf5 26. Bh6+ Ke8 27. Qg8+ Nf8 28. Qxf8+ Kd7 29. Qe7+ 1-0

[Event "Wroclaw Anderssen Memorial op 22nd"]
[Site "Wroclaw"]
[Date "2013.06.29"]
[Round "6"]
[White "Czachor, Grzegorz"]
[Black "Perdek, Miroslaw"]
[Result "0-1"]
[WhiteElo "2004"]
[BlackElo "2245"]
[PlyCount "72"]
[EventDate "2013.06.29"]
[EventType "swiss (rapid)"]
[EventRounds "9"]
[EventCountry "POL"]
[SourceTitle "CBM 155 Extra"]
[Source "ChessBase"]
[SourceDate "2013.08.26"]
[SourceVersion "1"]
[SourceVersionDate "2013.08.26"]
[SourceQuality "1"]

1. d4 Nf6 2. Nf3 d5 3. Bf4 c5 4. c3 Nc6 5. e3 Qb6 6. Qb3 c4 7. Qxb6 axb6 8. Na3 Ra5 9. Nc2 Bf5 10. Nb4 Nxb4 11. cxb4 Ra4 12. a3 e6 13. Rc1 Ne4 14. Nd2 Be7 15. Bc7 b5 16. Be2 Ra6 17. Nxe4 Bxe4 18. Kd2 Kd7 19. Be5 f6 20. f3 fxe5 21. fxe4 exd4 22. h4 dxe3+ 23. Kxe3 Bf6 24. Rb1 d4+ 25. Kd2 Ke7 26. g4 h6 27. Bf3 c3+ 28. Kc2 cxb2 29. Kxb2 d3+ 30. Ka2 Rc8 31. Rb3 d2 32. Rd1 Rc2+ 33. Kb1 Rac6 34. e5 Rc1+ 35. Ka2 R6c2+ 36. Rb2 Bxe5 0-1

[Event "Rewal op-B 14th"]
[Site "Rewal"]
[Date "2009.08.20"]
[Round "1"]
[White "Lis, Marcelina"]
[Black "Czachor, Grzegorz"]
[Result "0-1"]
[WhiteElo "1865"]
[BlackElo "2024"]
[PlyCount "108"]
[EventDate "2009.08.20"]
[EventType "swiss"]
[EventRounds "9"]
[EventCountry "POL"]
[SourceTitle "EXT 2011"]
[Source "ChessBase"]
[SourceDate "2010.11.26"]
[SourceVersion "1"]
[SourceVersionDate "2010.11.26"]
[SourceQuality "1"]

1. e4 c6 2. d4 d5 3. exd5 cxd5 4. c4 Nf6 5. Nc3 Nc6 6. Nf3 Bg4 7. Be3 dxc4 8. Bxc4 e6 9. h3 Bh5 10. g4 Bg6 11. Ne5 Bd6 12. Bb5 0-0 13. Nxg6 hxg6 14. h4 Bb4 15. Kf1 Bxc3 16. bxc3 Qd5 17. Bxc6 Qxc6 18. Kg1 Qxc3 19. h5 Nd5 20. Qe1 Qxe1+ 21. Rxe1 gxh5 22. Rxh5 g6 23. Rh3 Nxe3 24. fxe3 Rac8 25. Re2 Rc1+ 26. Kf2 Rfc8 27. Kf3 Kg7 28. g5 Rf1+ 29. Kg4 Rg1+ 30. Kf4 Rcc1 31. Rg3 Rxg3 32. Kxg3 Kf8 33. Kf4 b5 34. e4 Ke7 35. Rb2 a6 36. Rb3 Rc4 37. Ke5 Ra4 38. a3 Rc4 39. Rh3 Rc2 40. Rb3 Rg2 41. Kf4 Kd6 42. Rc3 Rg1 43. Rf3 a5 44. Rb3 Kc6 45. d5+ exd5 46. exd5+ Kc5 47. d6 Rd1 48. Ke5 Rd5+ 49. Kf6 Rxd6+ 50. Kxf7 b4 51. Rf3 Rb6 52. axb4+ axb4 53. Rf6 b3 54. Rxb6 Kxb6 0-1

[Event "Rewal op-A 13th"]
[Site "Rewal"]
[Date "2008.08.22"]
[Round "3"]
[White "Witek, Tomasz"]
[Black "Czachor, Grzegorz"]
[Result "1-0"]
[WhiteElo "2125"]
[BlackElo "2020"]
[PlyCount "92"]
[EventDate "2008.08.20"]
[EventType "swiss"]
[EventRounds "9"]
[EventCountry "POL"]
[SourceTitle "CBM 126 Extra"]
[Source "ChessBase"]
[SourceDate "2008.11.05"]
[SourceVersion "1"]
[SourceVersionDate "2008.11.05"]
[SourceQuality "1"]

1. d4 Nf6 2. c4 e5 3. dxe5 Ng4 4. Bf4 g5 5. Bg3 Bg7 6. Nf3 Nc6 7. Nc3 Ngxe5 8. Nxe5 Nxe5 9. e3 d6 10. c5 dxc5 11. Qxd8+ Kxd8 12. 0-0-0+ Bd7 13. Ne4 Kc8 14. Nxg5 f6 15. Ne4 Be6 16. Nxc5 Bg4 17. f3 Bf5 18. Bxe5 fxe5 19. g4 Bh6 20. gxf5 Bxe3+ 21. Kc2 Bxc5 22. f6 c6 23. Bh3+ Kc7 24. Rd7+ Kb6 25. Rhd1 a5 26. Rg7 Bd4 27. Bf5 Raf8 28. f7 c5 29. Be4 Kc7 30. Rd2 h5 31. Rdg2 Rh6 32. Bd5 e4 33. Rg8 Rxf7 34. Bxf7 exf3 35. R2g6 Rh7 36. Bc4 Re7 37. Re6 Rd7 38. Rge8 f2 39. R6e7 Kd6 40. Rxd7+ Kxd7 41. Rf8 Kc6 42. a4 Kd6 43. b3 Ke5 44. Kd3 h4 45. Ke2 Kd6 46. Rxf2 Be5 1-0

[Event "Rewal op-A 13th"]
[Site "Rewal"]
[Date "2008.08.21"]
[Round "2"]
[White "Meyer, Falko"]
[Black "Czachor, Grzegorz"]
[Result "1-0"]
[WhiteElo "2305"]
[BlackElo "2020"]
[PlyCount "61"]
[EventDate "2008.08.20"]
[EventType "swiss"]
[EventRounds "9"]
[EventCountry "POL"]
[SourceTitle "CBM 126 Extra"]
[Source "ChessBase"]
[SourceDate "2008.11.05"]
[SourceVersion "1"]
[SourceVersionDate "2008.11.05"]
[SourceQuality "1"]

1. e4 c6 2. d4 d5 3. e5 c5 4. c3 Nc6 5. Bb5 e6 6. Ne2 Bd7 7. Bxc6 bxc6 8. 0-0 Nh6 9. Bxh6 gxh6 10. Ng3 Qb6 11. b3 Rg8 12. dxc5 Bxc5 13. Qd3 Rg6 14. Nd2 0-0-0 15. b4 Be7 16. a4 Rdg8 17. a5 Qb7 18. Qf3 f6 19. exf6 Rxf6 20. Qd3 Rfg6 21. Kh1 h5 22. Nxh5 Rxg2 23. Ng3 R2xg3 24. fxg3 c5 25. a6 Qa8 26. Rf7 Bg5 27. Nf3 h6 28. Ra5 cxb4 29. Rc5+ Kd8 30. Qh7 Be8 31. Rb7 1-0

[Event "Rewal op-B 12th"]
[Site "Rewal"]
[Date "2007.08.26"]
[Round "5"]
[White "Czachor, Grzegorz"]
[Black "Solnicki, Michal"]
[Result "1/2-1/2"]
[WhiteElo "2029"]
[BlackElo "1975"]
[PlyCount "94"]
[EventDate "2007.08.23"]
[EventType "swiss"]
[EventRounds "9"]
[EventCountry "POL"]
[SourceTitle "CBM 120 Extra"]
[Source "ChessBase"]
[SourceDate "2007.11.01"]
[SourceVersion "1"]
[SourceVersionDate "2007.11.01"]
[SourceQuality "1"]

1. e4 c5 2. Nf3 d6 3. Bb5+ Bd7 4. Bxd7+ Qxd7 5. 0-0 Nc6 6. c3 Nf6 7. Re1 e6 8. d4 cxd4 9. cxd4 d5 10. e5 Ne4 11. Nbd2 Nxd2 12. Bxd2 Be7 13. Rb1 0-0 14. b4 b5 15. Qe2 Rfb8 16. Rb3 a5 17. bxa5 b4 18. Bg5 Nxa5 19. Rd3 Nc4 20. h4 Ra7 21. Nh2 Ra3 22. Ng4 Kf8 23. Rxa3 bxa3 24. Qd3 Bxg5 25. hxg5 g6 26. Qh3 Ke7 27. Qxh7 Kd8 28. Nf6 Qe7 29. Ng8 Qf8 30. Nh6 Ke8 31. Ng4 Rb2 32. Nf6+ Kd8 33. Ra1 Kc7 34. g3 Kb7 35. Ng4 Ka6 36. Nf6 Rb7 37. Rc1 Qb4 38. Qg8 Qb6 39. Qa8+ Qa7 40. Qc8 Qxd4 41. Nd7 Ka7 42. Nc5 Qb2 43. Rc2 Qb1+ 44. Kg2 Ne3+ 45. fxe3 Qxc2+ 46. Kh3 Qb1 47. Nxb7 Qh1+ 1/2-1/2

[Event "Obra Zima op-A"]
[Site "Obra"]
[Date "2007.01.20"]
[Round "6"]
[White "Czachor, Grzegorz"]
[Black "Dragun, Kamil"]
[Result "0-1"]
[WhiteElo "1974"]
[BlackElo "2017"]
[PlyCount "119"]
[EventDate "2007.01.18"]
[EventType "swiss"]
[EventRounds "9"]
[EventCountry "POL"]
[SourceTitle "EXT 2011"]
[Source "ChessBase"]
[SourceDate "2010.11.26"]
[SourceVersion "1"]
[SourceVersionDate "2010.11.26"]
[SourceQuality "1"]

1. d4 Nf6 2. Nf3 g6 3. g3 Bg7 4. Bg2 0-0 5. 0-0 d6 6. c4 Nc6 7. Nc3 Bf5 8. d5 Nb8 9. Nd4 Bd7 10. h3 c5 11. Nc2 b5 12. cxb5 a6 13. b6 Qxb6 14. e4 a5 15. Re1 Na6 16. Na3 Nc7 17. Nc4 Qb4 18. Bf1 a4 19. a3 Qb7 20. Rb1 Nb5 21. Nxb5 Bxb5 22. Bd2 Rfb8 23. Qc2 Bxc4 24. Bxc4 Nd7 25. f4 Nb6 26. Bf1 Nc8 27. Bc4 Qd7 28. Kh2 Na7 29. e5 Nb5 30. Bc3 Nxc3 31. Qxc3 Qc7 32. Qe3 Ra7 33. Re2 Rab7 34. h4 h5 35. Qf3 Rf8 36. f5 Bxe5 37. Rxe5 dxe5 38. d6 exd6 39. fxg6 Kg7 40. Rf1 Qe7 41. gxf7 Rxf7 42. Qxh5 Rxf1 43. Qg4+ Kh6 44. Bxf1 Rxb2+ 45. Be2 Qf6 46. Qh5+ Kg7 47. Qg4+ Qg6 48. Qf3 c4 49. h5 Qg5 50. Kh1 c3 51. Bc4 Qc1+ 52. Bf1 Qg5 53. Bc4 Rb1+ 54. Kh2 Qf6 55. Qxc3 e4 56. Qe3 Rb2+ 57. Be2 d5 58. Kh3 Rb3 59. Qa7+ Kh6 60. Qe3+ 0-1

[Event "Rewal op 11th"]
[Site "Rewal"]
[Date "2006.08.23"]
[Round "4"]
[White "Czachor, Grzegorz"]
[Black "Golcman, Evgeny"]
[Result "1/2-1/2"]
[WhiteElo "1991"]
[BlackElo "2242"]
[PlyCount "120"]
[EventDate "2006.08.21"]
[EventType "swiss"]
[EventRounds "11"]
[EventCountry "POL"]
[SourceTitle "EXT 2010"]
[Source "ChessBase"]
[SourceDate "2010.11.25"]
[SourceVersion "1"]
[SourceVersionDate "2010.11.25"]
[SourceQuality "1"]

1. Nf3 f5 2. d4 Nf6 3. Bg5 e6 4. e3 Be7 5. c4 d6 6. Nc3 0-0 7. Be2 Nc6 8. 0-0 h6 9. Bxf6 Bxf6 10. Rb1 a5 11. d5 Ne7 12. dxe6 Bxe6 13. Nd4 Bf7 14. Qc2 g6 15. Rfd1 Qb8 16. b3 Kg7 17. Bf3 c6 18. Nce2 Re8 19. g3 Ng8 20. h4 h5 21. Nf4 Be5 22. Kh2 Nf6 23. Nh3 Qc7 24. Ng5 Qe7 25. Qe2 Rh8 26. Kg2 Ng4 27. a3 Bf6 28. Nxf7 Kxf7 29. Rd2 Rae8 30. Rbd1 Be5 31. Qd3 Qf6 32. b4 axb4 33. axb4 Rd8 34. Ra2 Bxd4 35. Qxd4 Qxd4 36. exd4 Rhe8 37. Ra7 Re7 38. b5 d5 39. bxc6 bxc6 40. Ra6 dxc4 41. Rxc6 Nf6 42. Rxc4 Ne4 43. d5 Nd6 44. Rc6 Rdd7 45. Rb1 Ne4 46. Bxe4 fxe4 47. Rbb6 Rxd5 48. Rxg6 Rd2 49. Rbf6+ Ke8 50. Re6 e3 51. Rxe7+ Kxe7 52. Kf1 Rxf2+ 53. Ke1 Kf7 54. Rg5 Rg2 55. Kf1 e2+ 56. Ke1 Kf6 57. Rxh5 Rxg3 58. Kxe2 Kg6 59. Rg5+ Rxg5 60. hxg5 Kxg5 1/2-1/2